=LDR 00000nam 2200000 4500 =001 INLIS000000000011093 =005 20130612102707 =008 ***********************************Ind** =035 ##$$0010-061300000011093 =041 ##$$a Ind =082 ##$$a 338.959 8 =090 ##$$a 338.959 8, Sum m =100 ##$$a Sumitro =245 ##$$a megungkapkan masyarakat menatap masa depan, sebuah refleksi, jendral purnawirawan , Soemitro =260 ##$$a puetak sinar harapan6c1992 $b JAkrta =300 ##$$a 111.hlm, 21 cm =850 ##$$a NBPNMAT